Algo que urge___ /

En esta obra se incluyen dos trabajos titulados como Razones para vivir y esperar y El apremio de la visión unitaria. Ambas son reflexiones del momento del hombre ante el conocimiento y ante la teología, conciliadas con las nuevas enseñanzas del Concilio Vaticano II.

Gardado en:
Detalles Bibliográficos
Autor Principal: González Morfín, Adalberto (autor)
Formato: Libro
Idioma:Lingua castelá
Publicado: México : Jus, 1976, c1976
Temas:
Etiquetas: Engadir etiqueta
Sen Etiquetas, Sexa o primeiro en etiquetar este rexistro!

MARC

LEADER 00000nam^a2200000^a^4500
001 000346453
005 20250521000000.0
009 20260310114747.782
037 |a Acervo ITESO - Biblioteca 
041 |a ESP 
082 |a 230.  |b GON 
100 |a González Morfín, Adalberto  |e (autor) 
245 1 0 |a Algo que urge___ /  |c A. González Morfín. 
264 4 |a México :  |b Jus,  |c 1976, c1976 
300 |a 81 p. 
336 |a texto  |b txt  |2 rdacontenido 
337 |a sin mediación  |b n  |2 rdamedio 
338 |a volumen  |b nc  |2 rdasoporte 
520 |a En esta obra se incluyen dos trabajos titulados como Razones para vivir y esperar y El apremio de la visión unitaria. Ambas son reflexiones del momento del hombre ante el conocimiento y ante la teología, conciliadas con las nuevas enseñanzas del Concilio Vaticano II. 
561 |a Ex libris de Ignacio Díaz Morales 
649 |a XX 
650 |a Concilio Vaticano, 1962-1965 -  |x Historia y Crítica -  |x Tema Principal 
650 |a Iglesia Católica -  |x Historia -  |y Siglo XX -  |x Tema Principal 
650 |a Antropología Filosófica -  |x Historia y Crítica 
650 |a Teología -  |x Historia y Crítica -  |x Tema Principal 
650 |a Catolicismo 
650 |a Cristianismo 
650 |a Religión 
910 |a Fondo Ignacio Díaz Morales 
920 |a Impresos - Libros 
930 |a Arquitectos Jaliscienses 
905 |a 114 
901 |a 0500236936  |b IT1  |c JAL  |i D65570  |u 20250521 
902 |a https://opac.biblio.iteso.mx/vufind/Record/000346453